Asistencia jurídica a mujeres de bajos ingresos
Shranjeno v:
| Main Authors: | , , , |
|---|---|
| Format: | Knjiga |
| Jezik: | španščina |
| Izdano: |
Santiago
Corporación de Promoción Universitaria
1993
|
| Serija: | Estudios, 3
|
| Teme: | |
| Oznake: |
Označite
Brez oznak, prvi označite!
|
MARC
| LEADER | 00000nam a2200000 a 4500 | ||
|---|---|---|---|
| 001 | UCV3554 | ||
| 003 | CL-VaPUC | ||
| 008 | 930906e19930000CL |||||||||||||||||spa|d | ||
| 082 | 0 | 4 | |a 347.017 |b FUE |2 21 |
| 100 | 0 | |a Fuentes Hernández, Nancy de la |e author |9 297794 | |
| 700 | 0 | |a Correa Camus, Paula |e author |9 297795 | |
| 700 | 0 | |a Ulloa González, Mirtha |e author |9 297796 | |
| 700 | 0 | |a Pino Davis, Angélica |e author |9 297797 | |
| 245 | 1 | 0 | |a Asistencia jurídica a mujeres de bajos ingresos |
| 300 | |a 83 p | ||
| 942 | |c BK | ||
| 945 | |d 19930906 00:00:00 | ||
| 260 | |a Santiago |b Corporación de Promoción Universitaria |c 1993 | ||
| 650 | 0 | |a Mujeres trabajadoras |9 259236 | |
| 650 | 7 | |a BAJOS INGRESOS INVESTIGACIONES |2 CL-VaPUC |9 259237 | |
| 650 | 0 | |a Violencia conyugal |9 259238 | |
| 651 | 7 | |a CHILE |2 CL-VaPUC |9 297798 | |
| 583 | |a last modification |c 19930906 00:00:00 |k Rodrigo Vera | ||
| 490 | 0 | |a Estudios, 3 | |
| 999 | |c 210718 |d 210716 | ||
| 952 | |0 0 |1 0 |2 ddc |4 0 |6 347_017000000000000_FUE_1993 |7 0 |8 A |9 187173 |a BIBDER |b BIBDER |d 2019-11-14 |i 2548704 |o 347.017 FUE 1993 |p 2548704 |r 2023-01-25 |w 2019-11-14 |y MX |k DER | ||